000 00494nam a22001817a 4500
003 OSt
005 20140310181752.0
008 130627t xxu||||| |||| 00| 0 eng d
020 _a9780460878081
050 _aPR 4832
_b.K25 2004
082 _aIB 821.008
_bK22 2004
245 _aEveryman's poetry :
_bJohn Keats /
_cJohn Keats.
260 _aLondon :
_bJ.M. Dent, 2004,
_cc1996.
300 _axviii, 109 p. ;
_c20 cm.
541 _j1
562 _e1
942 _2lcc
_cBK-FIL
_kFIL
999 _c3262
_d3262